00345nam a22001097a 4500999001900000040000700019082002100026100002800047245003600075942001200111952011200123 c533514d533514 ckl a624.1710152bBHA aM.Ashghar Bhatti927449 aAdvance topic in finite element 2ddccBK 00102ddc4070aNITbNITd2020-01-09l2o624.1710152 BHApnit-9332r2021-07-13s2021-06-23w2020-01-09yBK